00684cam a22002537a 4500003000500000005001700005008004100022010001000063011001000073035001000083040000900093082001500102110000800117245007200125260002300197300003700220490004200257650001800299650001300317650002800330700001600358700001400374830004200388CHAP20220817041658.0971013s1994 it a r 00010 eng d a21373 a22345 a26439 cCHAP04a574.19bF32 aFAO10aBioenergy for developmentb: technical and environmental dimensions aRome :bFAO,c1994 a78 p.b; gráfs. ; anexo ; mapa 0aFAO. Medio ambiente y energíav; 1314aBioenergía.14aBiomasa.14aDesarrollo sustentable.0 aHall, D. O.0 aWoods, J.0 aFAO. Medio ambiente y energíav; 13